| 000 | 00581nam a2200205Ia 4500 | ||
|---|---|---|---|
| 003 | IN-BaIIA | ||
| 008 | 211028s9999 xx 000 0 eng d | ||
| 020 | _a0-85229-830-7 | ||
| 040 | _cIIA Library | ||
| 080 |
_a58 _bENB-02 |
||
| 110 |
_aEncyclopedia Britannica _910946 |
||
| 245 | 0 |
_aIndia book of the year 2002 _cEncyclopedia Britannica |
|
| 260 |
_aNew Delhi _bEncyclopaedia Britannica _c2002 |
||
| 300 | _axvi, 500p. | ||
| 650 |
_adata 2001 _926971 |
||
| 650 |
_aDates of 2001 _926972 |
||
| 650 |
_aevents of 2001 _926973 |
||
| 650 |
_aSpecial Reports _926974 |
||
| 942 | _cBK | ||
| 999 |
_c14927 _d14927 |
||